000 00584nam a22001817a 4500
999 _c6927
_d6927
003 OSt
005 20210511134153.0
008 210511b ||||| |||| 00| 0 eng d
020 _a0878915583
040 _cDDC
082 _a613 ELE 1984
245 _aThe Electronic communications problem solver /
_cstaff of Research and Education Association ; M. Fogiel, director
260 _aNew York, N.Y. :
_b REA,
_cc1984
300 _axiii, 1041 p. :
_b ill. ;
_c26 cm
504 _a Includes index.
650 _aTelecommunication -- Problems, exercises, etc.
_914211
942 _2ddc
_cBOOK